| 000 | 00496nam a22001817a 4500 | ||
|---|---|---|---|
| 005 | 20251108170650.0 | ||
| 008 | 250721s1961 xx 000 0 eng d | ||
| 082 | 1 | 4 | _a882/Aes |
| 100 | 1 | _aAeschylus, | |
| 245 | 1 | 0 |
_aPrometheus bound : _bthe supplianta : seven Against thebes ... / |
| 264 | 1 |
_aLondon : _bpenguin books, _c1961. |
|
| 300 | _a159p | ||
| 490 | 0 | _apenguin classics | |
| 650 | 1 | 7 | _aGreek drama |
| 700 | 1 |
_avellacott, philip _etranslated by |
|
| 942 |
_2ddc _cBK |
||
| 999 |
_c46081 _d46081 |
||